000 00354nam a2200133Ia 4500
005 20260328104251.0
008 260328s9999||||xx |||||||||||||| ||und||
100 _aKaufmann, Edgar
245 0 _awhast is Moder Interior Design /
_cEdgar Kaufmann
260 _bThe Museum of Modern Art
300 _a32 p.
650 _aARQUITECTURA INTERIOR
942 _cBK
999 _c10251
_d10251